logo

Bir Sreshtho Munshi Abdur Rouf Library
Jhenaidah Cadet College

Pleasure in English / (Record no. 5010)

MARC details
000 -LEADER
fixed length control field 00534nam a2200217 a 4500
001 - CONTROL NUMBER
JCCL Control Number 5010
003 - CONTROL NUMBER IDENTIFIER
JCCL marc code BD-JhCC
005 - DATE AND TIME OF LATEST TRANSACTION
control field 20180103174547.0
008 - FIXED-LENGTH DATA ELEMENTS--GENERAL INFORMATION
fixed length control field 171206s1965 U |||| ||a| 000 0 eng d
035 ## - SYSTEM CONTROL NUMBER
system control number (BD-JhCC) 5010
040 ## - CATALOGING SOURCE
Original cataloging agency BD-JhCC
Modifying agency BD-JhCC
041 ## - LANGUAGE CODE
Language code of Book eng
082 ## - DEWEY DECIMAL CLASSIFICATION NUMBER
Classification number 428
Author mark and Year YGL 1965
100 ## - MAIN ENTRY--PERSONAL NAME
Personal name Yglesias, J. R. C
245 ## - TITLE STATEMENT
Title Pleasure in English /
Statement of responsibility, etc Yglesias, J. R. C
260 ## - PUBLICATION, DISTRIBUTION, ETC. (IMPRINT)
Place of publication, distribution, etc London :
Name of publisher, distributor, etc Longmans,
Date of publication, distribution, etc 1961
300 ## - PHYSICAL DESCRIPTION
Pagination 168 p .:
Dimensions 19 cm .
650 ## - SUBJECT ADDED ENTRY--TOPICAL TERM
Topical term or geographic name as entry element English Language
942 ## - ADDED ENTRY ELEMENTS (KOHA)
Source of classification or shelving scheme Dewey Decimal Classification
Koha item type Books
Holdings
Source of classification or shelving scheme Damaged status Not for loan Home library Current library Shelving location Date of accession Total Checkouts Full call number Barcode Date last seen Copy number Koha item type
Dewey Decimal Classification     JCC Rouf Library JCC Rouf Library General Stacks 12/06/2017   428 YGL 1965 6022 12/06/2017 C-1 Books
Dewey Decimal Classification     JCC Rouf Library JCC Rouf Library General Stacks     428 YGL 1965 7397 12/13/2017 C - 2 Books

JCC Library | Contacts | JCC Home

Last Update on 23 September 2017
Copyright @ 2017-2020 JCC Rouf Library
Rouf Library, Jhenidah Cadet College (JCC), Bangladesh